[Event "WTch Seniors 50+"]
[Site "Radebeul GER"]
[Date "2016.06.26"]
[Round "1.6"]
[White "Wagner, Bernhard"]
[Black "O'Donnell, Tom"]
[Result "0-1"]
[WhiteElo "1935"]
[BlackElo "2354"]
[PlyCount "80"]
[GameId "2130307643859605"]
[EventDate "2016.06.26"]
[EventType "team"]
[EventRounds "9"]
[EventCountry "GER"]
[SourceTitle "10 Days #476"]
[Source "Chess Mix"]
[WhiteTeam "SV Aufbau Bernburg"]
[BlackTeam "Canada"]
[BlackTeamCountry "CAN"]

1. d4 Nf6 2. Nf3 e6 3. g3 d5 4. Bg2 c5 5. c4 Nc6 6. cxd5 exd5 7. O-O Be6 8. Nc3 Be7 9. Bf4 O-O 10. Rc1 c4 11. Ng5 Bf5 12. Bh3 Bxh3 13. Nxh3 Qb6 14. Qd2 Rfd8 15. e3 Qa6 16. Be5 Ne4 17. Nxe4 dxe4 18. Bf4 Nb4 19. a3 Nd3 20. Rc2 Rac8 21. Qe2 Qe6 22. Kg2 h5 23. Qxh5 Rd5 24. Qe2 g5 25. Rg1 g4 26. Be5 gxh3+ 27. Kh1 Nxe5 28. dxe5 Rxe5 29. g4 Bh4 30. Qf1 Qf6 31. Qxh3 Qf3+ 32. Qxf3 exf3 33. Rd1 Re4 34. h3 Rd8 35. Rxd8+ Bxd8 36. Rd2 Bf6 37. Kh2 Be5+ 38. Kg1 Kf8 39. Kf1 Ke7 40. Ke1 c3 0-1

[Event "WTch Seniors 50+"]
[Site "Radebeul GER"]
[Date "2016.06.29"]
[Round "4.4"]
[White "O'Donnell, Tom"]
[Black "Movsziszian, Karen"]
[Result "0-1"]
[WhiteElo "2354"]
[BlackElo "2488"]
[PlyCount "104"]
[GameId "2130307643876235"]
[EventDate "2016.06.26"]
[EventType "team"]
[EventRounds "9"]
[EventCountry "GER"]
[SourceTitle "10 Days #476"]
[Source "Chess Mix"]
[WhiteTeam "Canada"]
[BlackTeam "Armenia"]
[WhiteTeamCountry "CAN"]
[BlackTeamCountry "ARM"]

1. e4 g6 2. d4 Bg7 3. Nc3 d6 4. Be3 a6 5. Qd2 b5 6. f3 Nd7 7. O-O-O Bb7 8. g4 Rc8 9. h4 h6 10. Nge2 c5 11. dxc5 Nxc5 12. Bd4 Nf6 13. Kb1 Ne6 14. Be3 Nd7 15. Nd5 Ne5 16. Nd4 Nxd4 17. Qxd4 O-O 18. Qa7 Bxd5 19. Rxd5 Ra8 20. Qb7 Nxf3 21. Be2 Ne5 22. Rc1 e6 23. Rdd1 Nc4 24. Bxc4 bxc4 25. Bd4 c3 26. Bxg7 Kxg7 27. b3 Qxh4 28. Rxd6 Qxg4 29. Rd7 Qf4 30. Qc6 Qe5 31. Rf1 Rad8 32. Rc7 Rd4 33. Qxc3 Rxe4 34. Qxe5+ Rxe5 35. b4 a5 36. a3 axb4 37. axb4 Rb5 38. c3 h5 39. Kc2 h4 40. Kb3 h3 41. c4 Rf5 42. Rh1 Rf3+ 43. Ka4 Ra8+ 44. Kb5 g5 45. Kc6 g4 46. b5 Rh8 47. b6 g3 48. b7 g2 49. Rg1 Rf1 50. Rc8 Rxg1 51. b8=Q Rxc8+ 52. Qxc8 Re1 0-1

[Event "WTch Seniors 50+"]
[Site "Radebeul GER"]
[Date "2016.07.01"]
[Round "6.5"]
[White "Brueggemann, Joachim"]
[Black "O'Donnell, Tom"]
[Result "1/2-1/2"]
[WhiteElo "2304"]
[BlackElo "2354"]
[PlyCount "118"]
[GameId "2130307643884602"]
[EventDate "2016.06.26"]
[EventType "team"]
[EventRounds "9"]
[EventCountry "GER"]
[SourceTitle "10 Days #476"]
[Source "Chess Mix"]
[WhiteTeam "Thueringen"]
[BlackTeam "Canada"]
[BlackTeamCountry "CAN"]

1. e4 c5 2. Nf3 Nc6 3. d4 cxd4 4. Nxd4 e5 5. Nb5 a6 6. Nd6+ Bxd6 7. Qxd6 Qf6 8. Qd2 Nge7 9. Nc3 O-O 10. h4 d6 11. f3 h6 12. Qf2 Be6 13. g4 Nd4 14. Bg2 Nec6 15. a3 b5 16. Be3 b4 17. Nd5 Bxd5 18. exd5 Ne7 19. f4 Qg6 20. Bxd4 exd4 21. axb4 Qxg4 22. Qf3 Qg6 23. O-O Nf5 24. h5 Qf6 25. Bh3 Rfe8 26. Qd3 Ne3 27. Rf3 Nxd5 28. Qf5 Qxf5 29. Bxf5 Nxb4 30. c3 dxc3 31. bxc3 Nd5 32. Bd7 Re3 33. Bc6 Rxf3 34. Bxd5 Rxc3 35. Bxa8 Rc5 36. Rxa6 Rxh5 37. Rxd6 g6 38. Kg2 Rf5 39. Kg3 g5 40. fxg5 Rxg5+ 41. Kf4 Kg7 42. Bd5 Rg6 43. Rd7 Rf6+ 44. Ke5 Rf1 45. Bc4 Rf6 46. Rd2 Rf3 47. Bd5 Rf1 48. Rg2+ Kf8 49. Be4 Re1 50. Rg4 Rf1 51. Bf5 Ra1 52. Bd3 Re1+ 53. Kf5 Re6 54. Rg1 Rg6 55. Rb1 Kg7 56. Kf4 Rf6+ 57. Bf5 Ra6 58. Rg1+ Kf8 59. Rf1 Kg7 1/2-1/2

[Event "WTch Seniors 50+"]
[Site "Radebeul GER"]
[Date "2016.07.02"]
[Round "7.2"]
[White "O'Donnell, Tom"]
[Black "Meister, Jakob"]
[Result "1-0"]
[WhiteElo "2354"]
[BlackElo "2456"]
[PlyCount "67"]
[GameId "2130307643888779"]
[EventDate "2016.06.26"]
[EventType "team"]
[EventRounds "9"]
[EventCountry "GER"]
[SourceTitle "10 Days #476"]
[Source "Chess Mix"]
[WhiteTeam "Canada"]
[BlackTeam "Emanuel-Lasker-Gesellschaft"]
[WhiteTeamCountry "CAN"]

1. d4 e6 2. Nf3 c5 3. e3 Nf6 4. c4 cxd4 5. exd4 d5 6. Nc3 Bb4 7. cxd5 Nxd5 8. Bd2 Nc6 9. Rc1 Nf6 10. Bg5 Qa5 11. Bxf6 gxf6 12. a3 Bxc3+ 13. Rxc3 Ne7 14. b4 Qb6 15. Bc4 Bd7 16. O-O Bc6 17. Qc1 Rd8 18. Qh6 Ng6 19. Qg7 Bxf3 20. Rxf3 Qxd4 21. Rxf6 Rf8 22. Bxe6 Rd6 23. Bxf7+ Kd8 24. Rxd6+ Qxd6 25. Bxg6 hxg6 26. Qxb7 a6 27. Rc1 Qd7 28. Qb8+ Ke7 29. Qe5+ Kd8 30. Qg5+ Ke8 31. Qxg6+ Rf7 32. Qc6 Re7 33. Kf1 Re6 34. Qd5 1-0

[Event "WTch Seniors 50+"]
[Site "Radebeul GER"]
[Date "2016.07.03"]
[Round "8.6"]
[White "Weber, Franz Josef"]
[Black "O'Donnell, Tom"]
[Result "0-1"]
[WhiteElo "2136"]
[BlackElo "2354"]
[PlyCount "74"]
[GameId "2130307643897069"]
[EventDate "2016.06.26"]
[EventType "team"]
[EventRounds "9"]
[EventCountry "GER"]
[SourceTitle "The Week in Chess 1131"]
[Source "Mark Crowther"]
[SourceDate "2016.07.11"]
[SourceVersion "2"]
[SourceVersionDate "2016.07.12"]
[SourceQuality "2"]
[WhiteTeam "SF Monheim Revival"]
[BlackTeam "Canada"]
[BlackTeamCountry "CAN"]

1. e4 Nc6 2. Nf3 e5 3. Bb5 Nge7 4. O-O g6 5. c3 Bg7 6. d4 exd4 7. cxd4 d5 8. exd5 Nxd5 9. Ne5 O-O 10. Nxc6 bxc6 11. Bxc6 Rb8 12. Nc3 Nb4 13. Be4 f5 14. Bf3 Ba6 15. Re1 Nd3 16. Bd5+ Kh8 17. Re6 Re8 18. Qa4 Rxe6 19. Bxe6 Qxd4 20. Be3 Qd6 21. Bd5 Nxb2 22. Qa5 Bc4 23. Rb1 Bxd5 24. Bxa7 Rb7 25. Bc5 Qd8 26. Nxd5 Nc4 27. Qe1 Rxb1 28. Qxb1 Qxd5 29. Qb8+ Qg8 30. Qxc7 h6 31. g3 Qd5 32. Qc8+ Kh7 33. h4 Ne5 34. h5 Nf3+ 35. Kf1 g5 36. g4 Qd1+ 37. Kg2 Nh4+ 0-1

[Event "WTch Seniors 50+"]
[Site "Radebeul GER"]
[Date "2016.07.04"]
[Round "9.6"]
[White "Kernazhitsky, Leonid"]
[Black "O'Donnell, Tom"]
[Result "1-0"]
[WhiteElo "2285"]
[BlackElo "2354"]
[PlyCount "53"]
[GameId "2130307643901250"]
[EventDate "2016.06.26"]
[EventType "team"]
[EventRounds "9"]
[EventCountry "GER"]
[SourceTitle "The Week in Chess 1131"]
[Source "Mark Crowther"]
[SourceDate "2016.07.11"]
[SourceVersion "2"]
[SourceVersionDate "2016.07.12"]
[SourceQuality "2"]
[WhiteTeam "Obuchiw"]
[BlackTeam "Canada"]
[BlackTeamCountry "CAN"]

1. e4 c5 2. Nf3 Nc6 3. d4 cxd4 4. Nxd4 e5 5. Nb5 a6 6. Nd6+ Bxd6 7. Qxd6 Qf6 8. Qd2 Nge7 9. Nc3 d6 10. b3 O-O 11. Bb2 Rd8 12. O-O-O b5 13. Kb1 Bb7 14. g3 Nd4 15. Bg2 Rac8 16. Rc1 b4 17. Nd5 Bxd5 18. exd5 Nb5 19. Qxb4 Qxf2 20. Be4 Rc5 21. c4 Nd4 22. Qb7 Nef5 23. Rhf1 Qe2 24. Rce1 Qh5 25. g4 Qxg4 26. Bxd4 exd4 27. Rxf5 1-0

[Event "Koltanowski Team Match"]
[Site "San Francisco USA"]
[Date "1999.02.03"]
[Round "2"]
[White "Berry, Jonathan"]
[Black "O'Donnell, Tom"]
[Result "1-0"]
[WhiteElo "2315"]
[BlackElo "2357"]
[PlyCount "79"]
[GameId "2129405163121578"]
[EventDate "1999.02.??"]
[EventType "team"]
[EventRounds "9"]
[EventCountry "USA"]
[SourceTitle "AdE"]

1. b3 e5 2. Bb2 Nc6 3. e3 Nf6 4. Bb5 d6 5. d4 exd4 6. exd4 a6 7. Be2 d5 8. Nf3 Bb4+ 9. c3 Bd6 10. O-O O-O 11. c4 Re8 12. Nc3 Bg4 13. cxd5 Ne7 14. Ne5 Bxe2 15. Qxe2 Bb4 16. Rac1 Nexd5 17. Nd1 c6 18. Qf3 Re7 19. Ne3 Nxe3 20. fxe3 Qd5 21. Qh3 Qe6 22. Qf3 Bd6 23. Nc4 Rae8 24. Rc2 Bc7 25. h3 Ne4 26. Ne5 Bxe5 27. dxe5 Qg6 28. Qd1 Ng5 29. h4 Ne4 30. Rc4 h5 31. Qc2 Ng3 32. Rf3 Qxc2 33. Rxc2 Ne4 34. Rf4 f5 35. Rxf5 Rd8 36. Rf4 Rd1+ 37. Kh2 Rd2 38. Rxd2 Nxd2 39. Kg3 c5 40. Kf2 1-0

[Event "Koltanowski Team Match"]
[Site "San Francisco USA"]
[Date "1999.02.05"]
[Round "4"]
[White "Ziatdinov, Raset"]
[Black "O'Donnell, Tom"]
[Result "1/2-1/2"]
[WhiteElo "2511"]
[BlackElo "2357"]
[PlyCount "42"]
[GameId "2129405163121603"]
[EventDate "1999.02.??"]
[EventType "team"]
[EventRounds "9"]
[EventCountry "USA"]
[SourceTitle "AdE"]

1. e4 Nc6 2. Nf3 e5 3. Bb5 Nge7 4. O-O g6 5. c3 Bg7 6. d4 exd4 7. cxd4 d5 8. exd5 Nxd5 9. Re1+ Be6 10. Bg5 Qd6 11. Nbd2 O-O 12. Ne4 Qb4 13. Bxc6 bxc6 14. Qc1 Rab8 15. b3 Qb6 16. Nc5 Bf5 17. Ne5 Rbe8 18. Bh6 Bxh6 19. Qxh6 Qb4 20. Red1 Rxe5 21. Na6 Qa5 1/2-1/2

[Event "Koltanowski Team Match"]
[Site "San Francisco USA"]
[Date "1999.02.07"]
[Round "6"]
[White "Vucic, Mladen"]
[Black "O'Donnell, Tom"]
[Result "1/2-1/2"]
[WhiteElo "2387"]
[BlackElo "2357"]
[PlyCount "124"]
[GameId "2129405163121619"]
[EventDate "1999.02.??"]
[EventType "team"]
[EventRounds "9"]
[EventCountry "USA"]
[SourceTitle "AdE"]

1. d4 d5 2. c4 e6 3. Nc3 c6 4. Nf3 Nf6 5. cxd5 exd5 6. Qc2 Be7 7. Bg5 O-O 8. e3 Ne4 9. Bxe7 Qxe7 10. Nxe4 dxe4 11. Nd2 f5 12. Bc4+ Be6 13. Qb3 Bxc4 14. Nxc4 Kh8 15. h4 Na6 16. a3 Qf7 17. h5 c5 18. h6 cxd4 19. hxg7+ Qxg7 20. exd4 Rad8 21. Ne5 Rxd4 22. Qe6 Rf6 23. Qc8+ Qg8 24. Qxb7 Nc5 25. Qe7 Rdd6 26. Rc1 Rfe6 27. Nf7+ Kg7 28. Qxa7 Nd3+ 29. Kf1 Ra6 30. Qc7 Qf8 31. Ng5+ Re7 32. Rxh7+ Kf6 33. Rxe7 Qxe7 34. Nh7+ Kf7 35. Ng5+ Kf6 36. Nh7+ Kf7 37. Qxe7+ Kxe7 38. Rc7+ Kd8 39. Rc2 Rh6 40. Ng5 Rh1+ 41. Ke2 Nf4+ 42. Ke3 Nxg2+ 43. Kd4 e3 44. fxe3 Rd1+ 45. Kc3 Nxe3 46. Rd2+ Nd5+ 47. Kc2 Rxd2+ 48. Kxd2 Kd7 49. Kd3 Kd6 50. Kd4 Kc6 51. Nf3 Nb6 52. Ne5+ Kb5 53. b3 f4 54. Kc3 Nd5+ 55. Kd4 Nb6 56. Nc4 f3 57. Nd6+ Kc6 58. Ne4 Nd7 59. Ke3 Ne5 60. Nd2 Nd7 61. Kxf3 Nc5 62. b4 Nd3 1/2-1/2

[Event "Marshall CC int fin"]
[Site "New York USA"]
[Date "1995.??.??"]
[Round "1"]
[White "O'Donnell, Tom"]
[Black "Treger, Effim"]
[Result "1-0"]
[WhiteElo "2360"]
[BlackElo "2175"]
[PlyCount "117"]
[GameId "2129405183741542"]
[EventDate "1995.08.??"]
[EventType "schev"]
[EventRounds "4"]
[EventCountry "USA"]
[EventCategory "4"]
[SourceTitle "EXT 2002"]
[Source "ChessBase"]
[SourceDate "2001.11.25"]
[SourceVersion "1"]
[SourceVersionDate "2001.11.25"]
[SourceQuality "1"]

1. e4 g6 2. d4 Bg7 3. Nc3 d6 4. Nf3 Nf6 5. Be3 c6 6. Qd2 Qa5 7. a3 Bg4 8. Be2 Nbd7 9. O-O h5 10. h3 Bxf3 11. Bxf3 Qc7 12. Be2 h4 13. b4 Nh5 14. Rab1 a6 15. a4 e5 16. dxe5 dxe5 17. Bxh5 Rxh5 18. b5 axb5 19. axb5 Rd8 20. bxc6 bxc6 21. Qe2 Bh6 22. Qc4 Qd6 23. Rfd1 Qf6 24. Bxh6 Rxh6 25. Rb7 g5 26. Qd3 Qe6 27. Na4 Ra8 28. Qxd7+ Qxd7 29. Rdxd7 Rxa4 30. Re7+ Kd8 31. Rxf7 Kc8 32. Rbe7 Rd6 33. Rxe5 Rc4 34. Rxg5 Rxe4 35. Rg8+ Rd8 36. Rxd8+ Kxd8 37. Kf1 Rc4 38. Rh7 Rxc2 39. Rxh4 Ke7 40. Rf4 Kd6 41. h4 Ke5 42. g3 Rd2 43. h5 Rd6 44. Rh4 Rh6 45. Ke2 c5 46. Kd3 Kd5 47. Kc3 Rf6 48. Rf4 Re6 49. Rf5+ Kd6 50. g4 Re1 51. h6 Re8 52. h7 Rh8 53. Rh5 Ke6 54. f4 Kf6 55. Rh6+ Kg7 56. g5 Kf7 57. f5 Kg7 58. Kc4 Kf7 59. Ra6 1-0

[Event "Marshall CC int fin"]
[Site "New York USA"]
[Date "1995.??.??"]
[Round "2"]
[White "Moulin, Pierre"]
[Black "O'Donnell, Tom"]
[Result "0-1"]
[WhiteElo "2315"]
[BlackElo "2360"]
[PlyCount "92"]
[GameId "2129405183741544"]
[EventDate "1995.08.??"]
[EventType "schev"]
[EventRounds "4"]
[EventCountry "USA"]
[EventCategory "4"]
[SourceTitle "EXT 2002"]
[Source "ChessBase"]
[SourceDate "2001.11.25"]
[SourceVersion "1"]
[SourceVersionDate "2001.11.25"]
[SourceQuality "1"]

1. e4 c5 2. Nf3 d6 3. d4 cxd4 4. Nxd4 Nf6 5. Nc3 Nc6 6. Be2 g6 7. O-O Bg7 8. Bg5 O-O 9. Nb3 Be6 10. f4 b5 11. Bf3 Bc4 12. Rf2 Rc8 13. Nd5 e6 14. Ne3 Qb6 15. Qe1 Bxb3 16. axb3 Nd4 17. e5 dxe5 18. fxe5 Nd7 19. Kh1 Nxe5 20. Bd1 f5 21. Rd2 f4 22. Ng4 Nxc2 23. Bxc2 Nxg4 24. Qh4 Ne3 25. Be4 Qa5 26. Qe1 Qb4 27. Bf3 Qc5 28. Qh4 Nf5 29. Qe1 Ne3 30. Qh4 Nf5 31. Qe1 Qe5 32. Qxe5 Bxe5 33. Re2 Bg7 34. Rxe6 Nd4 35. Re7 h6 36. Bd5+ Kh8 37. Bh4 Nf5 38. Be6 Nxh4 39. Bxc8 Rxc8 40. g3 fxg3 41. hxg3 Nf5 42. Rb7 Rc2 43. Rb8+ Kh7 44. Rxa7 h5 45. Rxb5 Nxg3+ 46. Kg1 Kh6 0-1

[Event "Marshall CC int fin"]
[Site "New York USA"]
[Date "1995.??.??"]
[Round "3"]
[White "O'Donnell, Tom"]
[Black "Shliperman, Igor"]
[Result "1/2-1/2"]
[WhiteElo "2360"]
[BlackElo "2350"]
[PlyCount "55"]
[GameId "2129405183741550"]
[EventDate "1995.08.??"]
[EventType "schev"]
[EventRounds "4"]
[EventCountry "USA"]
[EventCategory "4"]
[SourceTitle "EXT 2002"]
[Source "ChessBase"]
[SourceDate "2001.11.25"]
[SourceVersion "1"]
[SourceVersionDate "2001.11.25"]
[SourceQuality "1"]

1. e4 e5 2. Nf3 Nc6 3. Bb5 f5 4. Nc3 fxe4 5. Nxe4 Nf6 6. Qe2 d5 7. Nxf6+ gxf6 8. d4 Bg7 9. dxe5 O-O 10. Bxc6 bxc6 11. e6 Re8 12. Be3 Bxe6 13. Nd4 Qd6 14. O-O c5 15. Nxe6 Qxe6 16. Qd2 d4 17. Bf4 Qa6 18. Rfe1 Rxe1+ 19. Qxe1 Qc4 20. Qe4 Rf8 21. b3 f5 22. Qd3 Qe6 23. g3 Rf7 24. Rd1 Bf8 25. Bd2 Rf6 26. Re1 Qf7 27. a4 h6 28. a5 1/2-1/2

[Event "Marshall CC int fin"]
[Site "New York USA"]
[Date "1995.??.??"]
[Round "4"]
[White "Kreiman, Boris"]
[Black "O'Donnell, Tom"]
[Result "1/2-1/2"]
[WhiteElo "2395"]
[BlackElo "2360"]
[PlyCount "27"]
[GameId "2129405183741552"]
[EventDate "1995.08.??"]
[EventType "schev"]
[EventRounds "4"]
[EventCountry "USA"]
[EventCategory "4"]
[SourceTitle "EXT 2002"]
[Source "ChessBase"]
[SourceDate "2001.11.25"]
[SourceVersion "1"]
[SourceVersionDate "2001.11.25"]
[SourceQuality "1"]

1. e4 c5 2. Nf3 d6 3. d4 cxd4 4. Nxd4 Nf6 5. Nc3 Nc6 6. Bg5 e6 7. Bb5 Bd7 8. Bxc6 Bxc6 9. Nxc6 bxc6 10. Qf3 Be7 11. e5 Nd5 12. Bxe7 Qxe7 13. exd6 Qxd6 14. O-O 1/2-1/2

[Event "Marshall CC Summer int"]
[Site "New York USA"]
[Date "1994.??.??"]
[Round "?"]
[White "Friedman, Josef"]
[Black "O'Donnell, Tom"]
[Result "1/2-1/2"]
[WhiteElo "2305"]
[BlackElo "2405"]
[PlyCount "97"]
[GameId "2129405188609006"]
[EventDate "1994.06.10"]
[EventType "tourn"]
[EventRounds "9"]
[EventCountry "USA"]
[EventCategory "4"]
[SourceTitle "EXT 2002"]
[Source "ChessBase"]
[SourceDate "2001.11.25"]
[SourceVersion "1"]
[SourceVersionDate "2001.11.25"]
[SourceQuality "1"]

1. e4 c5 2. Nf3 d6 3. Bb5+ Bd7 4. Bxd7+ Qxd7 5. O-O Nc6 6. c3 Nf6 7. d4 cxd4 8. cxd4 d5 9. e5 Ne4 10. Ne1 h6 11. f3 Ng5 12. Nc3 O-O-O 13. Be3 f5 14. Nd3 e6 15. Na4 Nf7 16. Nac5 Bxc5 17. Nxc5 Qe7 18. Qa4 Kb8 19. Rfc1 Rc8 20. b4 b6 21. Na6+ Kb7 22. Rc2 Nb8 23. b5 Rxc2 24. Qxc2 Rc8 25. Qd3 Rc4 26. Rc1 Rxc1+ 27. Bxc1 Nxa6 28. bxa6+ Kc8 29. Ba3 Qc7 30. Qb5 Qc3 31. Qb4 Qxb4 32. Bxb4 Nd8 33. Bf8 g6 34. Kf2 Nc6 35. Ke3 Nb8 36. Bxh6 Nxa6 37. Bf8 Kd7 38. h4 Nc7 39. g4 fxg4 40. fxg4 Nb5 41. Kd3 a6 42. a4 Na7 43. Ba3 Nc6 44. Kc3 Ke8 45. Bd6 Kf7 46. Bc7 b5 47. axb5 axb5 48. Bd6 Kg7 49. Bc5 1/2-1/2

[Event "Marshall CC Summer int"]
[Site "New York USA"]
[Date "1994.??.??"]
[Round "?"]
[White "O'Donnell, Tom"]
[Black "Alexopoulos, Georgios"]
[Result "1/2-1/2"]
[WhiteElo "2405"]
[BlackElo "2260"]
[PlyCount "105"]
[GameId "2129405188609008"]
[EventDate "1994.06.10"]
[EventType "tourn"]
[EventRounds "9"]
[EventCountry "USA"]
[EventCategory "4"]
[SourceTitle "EXT 2002"]
[Source "ChessBase"]
[SourceDate "2001.11.25"]
[SourceVersion "1"]
[SourceVersionDate "2001.11.25"]
[SourceQuality "1"]

1. e4 e6 2. d4 d5 3. Nd2 Nf6 4. e5 Ne4 5. Nxe4 dxe4 6. Be3 c5 7. dxc5 Nd7 8. Ne2 Bxc5 9. Bxc5 Nxc5 10. Qxd8+ Kxd8 11. Nc3 Ke7 12. O-O-O Nd7 13. Nxe4 Nxe5 14. Nd6 Ng4 15. Rd2 Rd8 16. Nxc8+ Raxc8 17. Re2 Rc5 18. g3 Rf5 19. Bg2 b6 20. f4 h5 21. b3 g5 22. Be4 Ra5 23. fxg5 Rxg5 24. c4 Re5 25. Rhe1 f5 26. Bc2 Kf6 27. a3 a5 28. Kb2 Rxe2 29. Rxe2 h4 30. b4 axb4 31. axb4 hxg3 32. hxg3 e5 33. Kc3 f4 34. gxf4 exf4 35. Be4 Ne5 36. Ra2 Rc8 37. c5 bxc5 38. b5 Rb8 39. Ra6+ Kg5 40. b6 f3 41. Bxf3 Nxf3 42. Kc4 Ne5+ 43. Kxc5 Kf6 44. b7+ Ke7 45. Kb6 Kd6 46. Ra1 Nd7+ 47. Ka7 Rh8 48. Rd1+ Kc7 49. Rc1+ Kd6 50. Rd1+ Kc7 51. Rc1+ Kd6 52. Rd1+ Kc7 53. Rc1+ 1/2-1/2

[Event "Marshall CC Summer int"]
[Site "New York USA"]
[Date "1994.??.??"]
[Round "?"]
[White "O'Donnell, Tom"]
[Black "Solomons, Deon"]
[Result "1/2-1/2"]
[WhiteElo "2405"]
[BlackElo "2275"]
[PlyCount "98"]
[GameId "2129405188609010"]
[EventDate "1994.06.10"]
[EventType "tourn"]
[EventRounds "9"]
[EventCountry "USA"]
[EventCategory "4"]
[SourceTitle "EXT 2002"]
[Source "ChessBase"]
[SourceDate "2001.11.25"]
[SourceVersion "1"]
[SourceVersionDate "2001.11.25"]
[SourceQuality "1"]

1. e4 c5 2. c3 d6 3. d4 cxd4 4. cxd4 g6 5. Nc3 Bg7 6. Be3 Nf6 7. h3 O-O 8. Nf3 e5 9. dxe5 dxe5 10. Qxd8 Rxd8 11. Bc4 Nc6 12. O-O h6 13. Rfd1 Be6 14. Bxe6 fxe6 15. Nb5 Rac8 16. Rxd8+ Rxd8 17. Nxa7 Nxa7 18. Bxa7 Nxe4 19. Re1 Nd2 20. Nxe5 g5 21. b3 Ra8 22. Be3 Rxa2 23. Bxd2 Rxd2 24. Nc4 Rd3 25. Re3 Rd1+ 26. Kh2 b5 27. Na3 b4 28. Nc2 Bf8 29. Rxe6 Bd6+ 30. g3 Rd2 31. Kg2 Kf7 32. Rxd6 Rxd6 33. Nxb4 Rb6 34. Nd5 Rxb3 35. Ne3 h5 36. Nf1 Kf6 37. Nh2 Ra3 38. Nf3 Kf5 39. Nh2 Ke4 40. Kf1 Kd3 41. Nf3 Ra5 42. Kg2 Ke2 43. Ng1+ Ke1 44. Nf3+ Kd1 45. Nh2 Ke2 46. Nf3 Rd5 47. Ng1+ Kd1 48. Nf3 Ke2 49. Ng1+ Kd1 1/2-1/2

[Event "Marshall CC Summer int"]
[Site "New York USA"]
[Date "1994.??.??"]
[Round "?"]
[White "O'Donnell, Tom"]
[Black "Vucic, Mladen"]
[Result "0-1"]
[WhiteElo "2405"]
[BlackElo "2405"]
[PlyCount "79"]
[GameId "2129405188609011"]
[EventDate "1994.06.10"]
[EventType "tourn"]
[EventRounds "9"]
[EventCountry "USA"]
[EventCategory "4"]
[SourceTitle "EXT 2002"]
[Source "ChessBase"]
[SourceDate "2001.11.25"]
[SourceVersion "1"]
[SourceVersionDate "2001.11.25"]
[SourceQuality "1"]

1. e4 e5 2. Nf3 Nc6 3. Bb5 a6 4. Bxc6 dxc6 5. O-O f6 6. d4 Bg4 7. c3 Bd6 8. Be3 Ne7 9. h3 Be6 10. dxe5 fxe5 11. Nbd2 Ng6 12. Re1 h6 13. c4 Qe7 14. Rc1 Bc5 15. Bxc5 Qxc5 16. Nb3 Qe7 17. Na5 Rb8 18. Qd2 O-O 19. Qc3 Qf6 20. Re3 c5 21. Rd1 Kh7 22. Nb3 b6 23. Nc1 Rbe8 24. Rd2 a5 25. Nd3 Rd8 26. Ree2 Bxh3 27. Ndxe5 Nf4 28. gxh3 Nxe2+ 29. Rxe2 Rd1+ 30. Re1 Rfd8 31. Rxd1 Rxd1+ 32. Kg2 Qf4 33. Qc2 Rd6 34. Ng4 Kh8 35. e5 Rd8 36. Qg6 Rf8 37. Nh4 Qxc4 38. e6 Qd5+ 39. f3 Qd2+ 40. Nf2 0-1

[Event "Marshall CC Summer int"]
[Site "New York USA"]
[Date "1994.??.??"]
[Round "?"]
[White "O'Donnell, Tom"]
[Black "Vulicevic, Nenad"]
[Result "0-1"]
[WhiteElo "2405"]
[BlackElo "2290"]
[PlyCount "74"]
[GameId "2129405188609012"]
[EventDate "1994.06.10"]
[EventType "tourn"]
[EventRounds "9"]
[EventCountry "USA"]
[EventCategory "4"]
[SourceTitle "EXT 2002"]
[Source "ChessBase"]
[SourceDate "2001.11.25"]
[SourceVersion "1"]
[SourceVersionDate "2001.11.25"]
[SourceQuality "1"]

1. e4 d6 2. d4 Nf6 3. Nc3 g6 4. Be3 c6 5. a4 Qa5 6. Qd2 e5 7. Nf3 Nbd7 8. h3 Bg7 9. dxe5 dxe5 10. Be2 O-O 11. O-O Re8 12. Rfd1 Bf8 13. Nd5 Qxd2 14. Nxf6+ Nxf6 15. Nxd2 Be6 16. f3 Nh5 17. Nc4 f6 18. Nd6 Re7 19. Bc4 Ng7 20. Kf1 Rd8 21. Bxe6+ Nxe6 22. Nc4 b6 23. Rxd8 Nxd8 24. Rd1 Nb7 25. a5 b5 26. a6 bxc4 27. Bxa7 Rf7 28. Bf2 Nc5 29. Bxc5 Bxc5 30. Ra1 Ra7 31. Ra4 c3 32. b4 Bd4 33. Ke2 Kf7 34. Kd3 Ke6 35. Kc4 Kd6 36. Ra1 Kc7 37. b5 Kb6 0-1

[Event "Marshall CC Summer int"]
[Site "New York USA"]
[Date "1994.??.??"]
[Round "?"]
[White "Shaked, Tal"]
[Black "O'Donnell, Tom"]
[Result "1-0"]
[WhiteElo "2370"]
[BlackElo "2405"]
[PlyCount "77"]
[GameId "2129405188609019"]
[EventDate "1994.06.10"]
[EventType "tourn"]
[EventRounds "9"]
[EventCountry "USA"]
[EventCategory "4"]
[SourceTitle "EXT 2002"]
[Source "ChessBase"]
[SourceDate "2001.11.25"]
[SourceVersion "1"]
[SourceVersionDate "2001.11.25"]
[SourceQuality "1"]

1. e4 Nc6 2. d4 d5 3. e5 Bf5 4. c3 e6 5. Nd2 f6 6. f4 Nge7 7. Be2 Qd7 8. Ngf3 Ng6 9. Nf1 Be7 10. Ng3 Bg4 11. O-O O-O-O 12. Be3 Bxf3 13. Bxf3 f5 14. b4 Rdg8 15. Qd2 h6 16. a4 Nh4 17. Be2 g5 18. a5 Nb8 19. Rf2 gxf4 20. Bxf4 Bg5 21. Nh5 Qe7 22. b5 Ng6 23. Bxg5 hxg5 24. Nf6 Rg7 25. c4 Nd7 26. b6 Nxf6 27. exf6 Qxf6 28. bxa7 Kd7 29. cxd5 exd5 30. Rb1 Nf4 31. Bb5+ c6 32. Ba4 Ke6 33. Qe3+ Kd6 34. Re1 Ra8 35. Qa3+ Kd7 36. Rb2 Qxd4+ 37. Kh1 Rxa7 38. Bc2 Rf7 39. Bxf5+ 1-0

[Event "San Mateo"]
[Site "San Mateo USA"]
[Date "1994.??.??"]
[Round "?"]
[White "O'Donnell, Tom"]
[Black "Brownescombe, Tom"]
[Result "0-1"]
[WhiteElo "2405"]
[BlackElo "2310"]
[PlyCount "98"]
[GameId "2129405191580796"]
[EventDate "1994.??.??"]
[EventType "tourn"]
[EventRounds "9"]
[EventCountry "USA"]
[EventCategory "5"]
[SourceTitle "EXT 94"]

1. e4 c5 2. c3 d5 3. exd5 Qxd5 4. d4 Nc6 5. Nf3 Bg4 6. Be2 cxd4 7. cxd4 Rd8 8. Nc3 Qa5 9. O-O Nf6 10. h3 Bh5 11. Be3 e6 12. a3 Nd5 13. Bd2 Qc7 14. Rc1 Be7 15. b4 a6 16. Nxd5 Rxd5 17. Be3 Qd7 18. Bc4 Bxf3 19. Qxf3 Rd6 20. Bf4 Rxd4 21. Qg3 O-O 22. Be3 Bh4 23. Qf3 Ne5 24. Qe2 Rxc4 25. Rxc4 Nxc4 26. Qxc4 Bf6 27. Rc1 Bb2 28. Rb1 b5 29. Qc2 Bf6 30. Rd1 Qb7 31. Rd6 Rc8 32. Qd1 Qa8 33. Bc5 Rd8 34. f3 Rxd6 35. Qxd6 h6 36. Kf2 Bb2 37. Qd2 Be5 38. Ke3 Qb8 39. Qd7 Bf4+ 40. Kd3 Qa8 41. Kc3 Bg5 42. Bb6 Bf6+ 43. Kc2 Qd5 44. Qxd5 exd5 45. Bc5 Be5 46. Kd3 g5 47. g3 Kg7 48. f4 gxf4 49. gxf4 Bb2 0-1